Halsey v Milton Keynes General NHS Trust; Steel v Joy and Halliday (Record no. 117588)
[ view plain ]
| 000 -LEADER | |
|---|---|
| fixed length control field | 01495cam a2200265 4500 |
| 001 - CONTROL NUMBER | |
| control field | ABS67919 |
| 008 - FIXED-LENGTH DATA ELEMENTS--GENERAL INFORMATION | |
| fixed length control field | 040623n2004 000 0 eng u |
| 035 ## - SYSTEM CONTROL NUMBER | |
| System control number | (Sirsi) u126590 |
| 245 ## - TITLE STATEMENT | |
| Title | Halsey v Milton Keynes General NHS Trust; Steel v Joy and Halliday |
| 260 ## - PUBLICATION, DISTRIBUTION, ETC. | |
| Date of publication, distribution, etc. | 2004 |
| 490 ## - SERIES STATEMENT | |
| Series statement | Weekly Law Reports |
| Volume/sequential designation | [2004] 1 WLR 3002-3025(23) |
| 520 ## - SUMMARY, ETC. | |
| Summary, etc. | [2004] EWCA Civ 576, 11 May 2004. Two appeals heard together that considered the question of whether a court should impose a costs sanction against a successful litigant on the grounds that he or she had refused to take part in an alternative dispute resolution or mediation process. Paras 1 to 35 explain the background to each case and the judge's reasons for dismissing claims which were upheld by CA on appeal. "Halsey" provides useful guidance as to what might be sound reasons not to mediate. View judgment at www.bailii.org. |
| 590 ## - LOCAL NOTE (RLIN) | |
| Local note | ABS |
| 590 ## - LOCAL NOTE (RLIN) | |
| Local note | ABS |
| 590 ## - LOCAL NOTE (RLIN) | |
| Local note | ABS |
| 650 ## - SUBJECT ADDED ENTRY--TOPICAL TERM | |
| Topical term or geographic name entry element | HALSEY V MILTON KEYNES GENERAL NHS TRUST |
| 650 ## - SUBJECT ADDED ENTRY--TOPICAL TERM | |
| Topical term or geographic name entry element | MEDIATION SCHEMES |
| 650 ## - SUBJECT ADDED ENTRY--TOPICAL TERM | |
| Topical term or geographic name entry element | COSTS |
| 650 ## - SUBJECT ADDED ENTRY--TOPICAL TERM | |
| Topical term or geographic name entry element | ALTERNATIVE DISPUTE RESOLUTION |
| 690 ## - LOCAL SUBJECT ADDED ENTRY--TOPICAL TERM (OCLC, RLIN) | |
| Topical term or geographic name as entry element | DISPUTE RESOLUTION-CASE LAW |
| 856 ## - ELECTRONIC LOCATION AND ACCESS | |
| Uniform Resource Identifier | <a href="https://www.bailii.org/ew/cases/EWCA/Civ/2004/576.html">https://www.bailii.org/ew/cases/EWCA/Civ/2004/576.html</a> |
| Public note | View judgment on the BAILII website... |
| 856 ## - ELECTRONIC LOCATION AND ACCESS | |
| Uniform Resource Identifier | <a href="https://www.bailii.org/ew/cases/EWCA/Civ/2004/576.html">https://www.bailii.org/ew/cases/EWCA/Civ/2004/576.html</a> |
| Public note | View judgment on the BAILII website... |
| 856 ## - ELECTRONIC LOCATION AND ACCESS | |
| Uniform Resource Identifier | <a href="https://www.bailii.org/ew/cases/EWCA/Civ/2004/576.html">https://www.bailii.org/ew/cases/EWCA/Civ/2004/576.html</a> |
| Public note | View judgment on the BAILII website... |
| 942 ## - ADDED ENTRY ELEMENTS (KOHA) | |
| Suppress in OPAC | 0 |
| Withdrawn status | Lost status | Source of classification or shelving scheme | Damaged status | Not for loan | Home library | Current library | Shelving location | Date acquired | Total Checkouts | Full call number | Barcode | Date last seen | Copy number | Price effective from | Koha item type |
|---|---|---|---|---|---|---|---|---|---|---|---|---|---|---|---|
| Dewey Decimal Classification | London | London | Journal article | 23/06/2004 | ABS67919 | 126590-1001 | 06/08/2019 | 1 | 06/08/2019 | Law report | |||||
| Dewey Decimal Classification | Virtual | Virtual | Online | 01/07/2004 | ONLINE | 126590-2001 | 06/08/2019 | 1 | 06/08/2019 | Law report |